Cyfry od 1 do 100 - Statystyki

Ogólne statystyki
  • Ten quiz został rozwiązany 35 razy
  • Średni wynik to 49 z 100
Statystyki odpowiedzi
Odpowiedź % Poprawnych
1
100%
11
100%
2
100%
3
100%
4
100%
5
100%
7
100%
8
100%
9
100%
10
95%
12
95%
14
95%
6
95%
13
90%
15
90%
18
90%
16
86%
17
86%
19
86%
21
86%
22
81%
20
76%
27
76%
29
76%
23
71%
24
71%
25
71%
26
67%
31
67%
32
67%
33
67%
28
62%
30
62%
34
62%
38
62%
40
62%
50
62%
35
57%
36
57%
37
57%
39
57%
42
57%
44
57%
45
57%
48
57%
51
57%
52
57%
53
57%
55
57%
43
52%
46
52%
47
52%
49
52%
54
52%
41
48%
56
43%
58
43%
57
38%
59
38%
60
29%
66
29%
67
29%
61
24%
62
24%
70
24%
97
24%
98
24%
64
19%
65
19%
68
19%
69
19%
71
19%
75
19%
83
19%
85
19%
88
19%
89
19%
96
19%
99
19%
100
14%
63
14%
72
14%
73
14%
74
14%
76
14%
78
14%
84
14%
86
14%
90
14%
77
10%
80
10%
81
10%
82
10%
87
10%
91
10%
92
10%
93
10%
94
10%
95
10%
79
5%
Nie znaleziono quizów pasujących do podanych kryteriów
Rozkład punktacji
Procent ludzi z każdym wynikiem
Percentyl według liczby udzielonych odpowiedzi
Twoja historia wyników
Nie rozwiązałeś tego quizu